000
00303nam a2200133Ia 4500
005
20251222140028.0
008
251222s1900||||xx |||||||||||||| ||spa||
020
_a
8471187019
082
_a
219.21/S78
100
_a
Stanley L., Jaki
245
0
_a
Ciencia, Fe, Cultura
264
_b
Palabra
942
_c
LIB
999
_c
2855
_d
2855